Score 0/44 Timer 04:00
1 Play Today
Hint 4-Letter Word % Correct
'Sail the Seven ___'SEAS
95.9%
Sideways walking marine crustaceanCRAB
93.1%
PriceCOST
92.9%
Throw a fishing lureCAST
92.4%
⚓ MARRIED ___ CHILDREN ⚓⚓ WITH ⚓
92.4%
DaybreakDAWN
91.4%
School subject involving numbersMATH
90.1%
⚓ OBTAINS ⚓⚓ GETS ⚓
89.7%
1965 Disney film: 'That ___ Cat!'DARN
89.5%
Saudi ethnicity, e.g.ARAB
89.2%
Evil's adversaryGOOD
88.4%
'They did the Monster ___!'MASH
88.1%
⚓ WATERSHIP ____⚓ DOWN ⚓
87.5%
Alert to dangerWARN
87.5%
Volleyball move between bumps and spikesSETS
87.4%
Hair productsGELS
86.9%
Correction fluid: ___-OutWITE
86.6%
Aristo- or Demo- suffixCRAT
85.9%
Copper strandWIRE
85.5%
Doubloon metalGOLD
85.4%
To eat outDINE
85%
'Grrreat!' TigerTONY
84.7%
Hint 4-Letter Word % Correct
Over withDONE
84.6%
MerchandiseWARE
84%
Hired enforcerGOON
83.5%
Versace or Vera Wang offeringGOWN
83%
Musical soundTONE
82.9%
⚓ US VICE-PRESIDENT CHENEY ⚓⚓ DICK ⚓
82.8%
Gaming cubesDICE
82.7%
The 'm' in Einstein's equivalence MASS
81.8%
Trouser featureSEAM
81.3%
Ulster or dusterCOAT
80.8%
To neuterGELD
80.7%
⚓ PEG LEGGED SEAMAN ⚓⚓ AHAB ⚓
75.5%
A tree's 'fur'MOSS
74.6%
LanePATH
74.2%
Forceful or concise expressionPITH
71.3%
⚓ MORGAN or AMERICA, e.g. ⚓⚓ CAPT. ⚓
68%
'Voilà!' alternativeAHAH
66.5%
A farceSHAM
65.9%
Former Iranian rulerSHAH
65.4%
A crowd rushesMOBS
58.9%
Dunder-Mifflin's HR employeeTOBY
58.1%
⚓ AMERICAN TECHNO ROCKER ⚓⚓ MOBY ⚓
56.3%

Today's Daily Dose

Remove Ads.
Support Sporcle.
Get the best of Sporcle when you Go Orange. This ad-free experience offers more features, more stats, and more fun while also helping to support Sporcle. Thank you for becoming a member.

You're not logged in!

Compare scores with friends on all Sporcle quizzes.
OR
Log In

Show Comments

Extras

Top Quizzes Today


Score Distribution

Your Account Isn't Verified!

In order to create a playlist on Sporcle, you need to verify the email address you used during registration. Go to your Sporcle Settings to finish the process.

Report this User

Report this user for behavior that violates our Community Guidelines.

Details: